Cestovný ruch vybrané kapitoly

Na minha lista:
Detalhes bibliográficos
Autor principal: Sniščák, Vincent
Autor Corporativo: Ekonomická univerzita v Bratislave. Obchodná fakulta
Outros Autores: Gončárová, Zuzana
Formato: Livro
Idioma:eslovaco
Publicado em: Bratislava Ekonóm 2002
Assuntos:
Tags: Adicionar Tag
Sem tags, seja o primeiro a adicionar uma tag!

MARC

LEADER 00000nam a2200000 4500
001 c141010
005 20221124091832.4
020 |a 80-225-1615-5 
041 0 |a slo 
044 |a SK 
245 1 0 |a Cestovný ruch  |b vybrané kapitoly  |c Vincent Sniščák, Zuzana Gončárová 
264 1 |a Bratislava  |b Ekonóm  |c 2002 
300 |a 115 s. 
610 2 0 |a ruch cestovný 
610 2 0 |a služby 
610 2 0 |a transformácia 
610 2 0 |a privatizácia 
610 2 0 |a ruch cestovný domáci 
610 2 0 |a ruch cestovný zahraničný 
610 2 0 |a ruch cestovný aktívny 
610 2 0 |a ruch cestovný pasívny 
610 2 0 |a komunikácia marketingová 
610 2 0 |a reklama 
610 2 0 |a stravovanie spoločné 
610 2 0 |a kapacita ubytovacia 
610 2 0 |a pohostinstvo 
100 1 |a Sniščák, Vincent 
700 1 |a Gončárová, Zuzana 
710 2 |a Ekonomická univerzita v Bratislave. Obchodná fakulta